000 00591nam a2200217Ia 4500
005 20250425162744.0
008 250425s9999 xx 000 0 und d
020 _a0471008362
041 _aeng
082 _a658
100 _aREHFELD, JOHN E.
245 0 _aALCHEMY OF A LEADER COMBINING WESTERN AND JAPANESE MANAGEMENT SKILLS TO TRANSFORM YOUR COMPANY
250 _aS.E.
260 _aEstados Unidos
_bJOHN WILEY & SONS, INC.
_c2018
260 _aS.L.
300 _a251
650 _aGESTION INDUSTRIAL
710 _aJOHN WILEY & SONS, INC.
942 _c01
010 _a105752
999 _c235770
_d235770